Statistics for Elden Ring Characters

Click here to take the quiz!

General Stats

  • This quiz has been taken 560 times
    (517 since last reset)
  • The average score is 48 of 88

Answer Stats

HintAnswer% Correct
The player character is part of this group of peopleThe Tarnished
94%
Known as the Spectral Steed, summoned using a ring whistleTorrent
92%
Offers the player an accordMelina
89%
Numen Empyrean who became queen of the Lands BetweenQueen Marika
89%
Daughter of the below character, a four armed pale blue beingRanni/Renna, the Snow Witch
89%
Pot person who is stuck in a hole on first meeting the playerAlexander, the Iron Fist
88%
Met as a boss, only to beg for mercy and become a merchantPatches the Untethered
84%
Found in Nokron City, twin brother of another characterD, Beholder of Death
83%
Hunter of the Those Who Live In DeathD, Hunter of the Dead
83%
Self proclaimed Lord of all that is GoldenGodrick the Grafted
81%
Red haired consort of the QueenRadagon
80%
Masked person, refers to the player as "maidenless"White Faced Varre
80%
Allows the player to be held by her, so she can share their warmthFia, Death Bed Companion
78%
Twin sister of the above, with rot in her veinsMalenia
78%
The Snow Witch's loyal shadowBlaidd the Half-Wolf
77%
Known as the Conqueror of the StarsGeneral Radahn
77%
The first Elden Lord (in the Age of the Erdtree)Godfrey, First Elden Lord
77%
After being defeated as a boss, offers the player to reallocate their levelsRennala, Queen of the Full Moon
77%
Leader of the Roundtable Hold, lover of books and knowledgeSir Gideon Ofnir
77%
Demigod Empyrean cursed to remain a child foreverMiquella
75%
Lady sorcerer, offers to educate the player in glintstone magicSorceress Sellen
74%
Guards Stormveil Castle, whose skin is riddled with curse marksMargit, the Fell Omen
73%
Plans to start his own dynasty of blood from deep undergroundMohg, Lord of Blood
73%
The Lord of Leyndell, who protected the Erdtree through the ShatteringMorgott, the Omen King
73%
Nomadic merchant with a similar dress sense to SantaMerchant Kalé
72%
Offered himself to the God-Devouring SerpentPraetor Rykard
72%
Tarnished who defiles bodies to plant Seedbed Curses within themDungeater
70%
Protector of the Rune of Death, shadow of the QueenMaliketh, the Black Blade
70%
First demigod killed in the Night of Black KnivesGodwyn the Golden
68%
Sorcerer met in Stormveil with a fancy dress senseSorcerer Rogier
68%
Gentle giant blacksmith encountered before the Carian ManorWar Counsellor Iji
67%
Malformed star of the void who destroyed NokstellaAstel, Naturalborn of the Void
66%
Demi-human who was transfigured into a treeBoc the Seamster
64%
Asks you to liberate his castle south of the MistwoodKenneth Haight
61%
Becomes a spirit tuner at the Roundtable HoldRoderika
61%
Fought the first Elden Lord and lost, now hiding in a storm beyond timeDragonlord Placidusax
60%
Young woman with an incurable case of Scarlet RotMillicent
60%
Recruiter for Volcano Manor, who had her necklace stolenRya the Scout
60%
Finger Hunter, warns the player to stay clear of Agheel LakeBloody Finger Hunter Yura
59%
Found on the broken bridge in Altus Plateau, silent and almost unmovingGoldmask
59%
Large, deformed creature that asks you to bring him DeathrootGurranq, Beast Clergyman
58%
Nearly became Elden Lord, but sacrificed himself to the Flame of FrenzyFestering Fingerprint Vyke
56%
The true rightful heir of LimgraveNepheli Loux
56%
Bested by the Prince of Death in battle, now protects his corpseLichdragon Fortissax
55%
Pompous sorcerer who likes to make puppets out of peoplePreceptor Seluvis
55%
Emissary of the Greater Will, found in RoundtableTwo Fingers
55%
Tarnished Knight who serves to sell Ashes of War to the playerKnight Bernahl
54%
Blacksmith prisoner, tasked with forging a weapon to kill a GodSmithing Master Hewg
53%
This presence left the Lands Between after the ShatteringThe Greater Will
51%
Tells the player of secret entrance to StormveilGatekeeper Gostoc
49%
Blind woman who fears for her fathers safetyIrina
48%
Had his eyes gouged out, calls himself Chaos IncarnateShabriri
48%
Foul mouthed prisoner with a love for cooked crustaceansBlackguard Big Boggart
45%
Student of Raya Lucaria, needs a Glintstone Key to get back insideThops
45%
The corporeal agents of the Frenzied Flame, found deep below LeyndellThree Fingers
45%
Searches for his servant Lanya and becomes the new 'Potentate'Diallos
44%
A dancer from a foreign land, hands out assassination missionsLady Tanith
43%
Exiled Sorcerer found near the Hermit VillagePrimeval Sorcerer Azur
43%
Blind woman who desires Grapes to see the distant guiding lightHyetta
42%
Holy practitioner who wears a wooden wheel around his neckBrother Corhyn
41%
Apprentice of the above, doesn't speak a wordEnsha of the Royal Remains
41%
Offers to join the player as Spirit Ashes, leaving her wolf Lobo behindLatenna the Albinauric
41%
Dragon who acted as a priestess for the Dragon CultAncient Dragon Lansseax
40%
Father of the above, unwilling to leave Castle MorneEdgar
39%
Announces the festival at Redmane CastleWitch-Hunter Jerren
39%
Albinauric disguised as a pot, who holds a secret key itemAlbus the Albinauric
38%
Exiled sorcerer found in Sellia HideawayPrimeval Sorcerer Lusat
38%
Giant tortoise with a Pope hat, teaches sorceries and incantationsMiriel, Pastor of Vows
37%
Acts as father to the below, though wants to be forgotten by herSage Gowry
36%
Will change your remembrances into strong weaponsFinger Reader Enia
35%
Disguises herself as a Finger Maiden to lure in victims to eatAnastasia, Tarnished Eater
34%
Demon of a swordsman from the Land of ReedsBloody Finger Okina
34%
Refused an invite to Volcano Manor and head of the House of HoslowJuno Hoslow, Knight of Blood
33%
Chivalrous knight who declared himself father of the Deathbed CompanionLionel the Lionhearted
30%
Accursed blood stains her legacy, "the deadliest of Bloody Fingers"Eleonora, Violet Bloody Finger
29%
Torturer of Volcano Manor who wields a spinning blade of the Iron VirginsInquisitor Ghiza
28%
Heretical sorcerer whose armour is set in with red glintstonesMad Tongue Alberich
28%
Reduvia-wielder who hunts the player near Agheel LakeBloody Finger Nerijus
26%
Young pot person who wants to become a warrior jarJar Bairn
26%
1st contract of Volcano Manor, wears the Scaled SetOld Knight Istvan
26%
Found in Caria Manor, by dropping down from the Three Sisters areaPidia, Carian Servant
24%
Teleporting Carian servant found within the Carian Study HallPreceptor Miriam
22%
A famed knight of assistance, providing aid to those in needGreat Horned Tragoth
16%
Invader near the Limgrave Colosseum, serving Volcano ManorRecusant Henricus
14%
2nd contract of Volcano Manor, a silent assassin armed with a crossbowRileigh the Idle
13%
Devoted to the Goddess of Rot, born a sickly child of the Shaded CastleMaleigh Marais, Shaded Castle Castellan
11%
One of the first to visit Roundtable, desired to be the shadow of an EmpyreanVargram the Raging Wolf
11%
Sorcerer who made contact with the primeval current and was led to confrontation with the aboveErrant Sorcerer Wilhelm
9%

Score Distribution

Percentile by Number Answered

Percent of People with Each Score

Your Score History

You have not taken this quiz since the last reset